000 00741nam a2200217Ii 4500
003 JO-AjNU
008 230605s9999||||xx |||||||||||||| ||und||
040 _aJO-AjNU
_bara
_erda
_cJO-AjNU
041 _aara
050 1 4 _aHN766.J3336 1993
100 3 _aالجهماني، خليل,
_eauthor
_98626
245 0 0 _aالمصير العربي من عام 1990الى عام 2030 عرض واقعي ونظرة مستقبلية
250 _aط1
264 3 1 _aدمشق: دار المستقبل، 1993
300 _a144ص
336 _atext
_btxt
_2rdacontent
337 _aunmediated
_bn
_2rdamedia
338 _avolume
_bnc
_2rdacarrier
490 0 _aسلسلة الفكرية التاريخية ؛ 12
650 4 _aالمصير العربي
_98627
999 _aA885
_c4453
_d4453